00841nam a2200217Ia 4500003000900000008004100009020001800050040001600068080001300084111006300097245022900160260003300389300001400422490004700436650001900483650001900502650001200521700002500533700002800558710003700586IN-BaIIA211028s9999 xx 000 0 eng d a0-306-42581-5 cIIA Library a533bSTR aNATO Advanced Research WorkshopcCaliforniad1986 Aug. 4-9 0aStrongly coupled plasma physicsbproceedings of the NATO advanced research workshop held in Santa Cruz, California, August 4-9, 1986cedited by Forrest J. Rogers and Huge E. Dewitt  aNew YorkbPlenum Pressc1987 axi, 610p. aNATO ASI series, series B: physics; v. 154 aNASA Thesaurus aPlasma physics aPlasmas aDewitt, Huge E., ed. aRogers, Forrest J., ed. aNATO Scientific Affairs Division